000 00518nam a2200193Ia 4500
005 20250508163328.0
008 008 250505s9999 xx 000 0 eng d
037 _aTextual
040 _aFEDL
_beng
_cFEDL
041 _aeng
_2eng
084 _a401.9, LOC
_qFEDL
100 _aLock Andrew Ed.
245 0 _aLanguage development
260 _aLondon, UK
_bCroom Helm Ltd
_c1984
300 _a286p.
700 _a Fisher Eunice Ed.
_9775133
942 _cTEXL
_h401.9, LOC
999 _c1382353
_d1382353